Природные ресурсы Русской равнины в прошлом, настоящем и будущем (Запись № 5984548)

Подробности
000 -МАРКЕР
контрольное поле 01549nam0a22003491 4500
001 - ИДЕНТИФИКАТОР ЗАПИСИ
контрольное поле rc\3170177
005 - ИДЕНТИФИКАТОР ВЕРСИИ
контрольное поле 20260407120812.0
021 ## - НОМЕР ГОСУДАРСТВЕННОЙ РЕГИСТРАЦИИ
Код страны Российская Федерация
Номер [76-71701]
035 ## - ДРУГИЕ СИСТЕМНЫЕ НОМЕРА
Идентификатор записи (NLR Aleph) 007328499
100 ## - ДАННЫЕ ОБЩЕЙ ОБРАБОТКИ
Данные общей обработки 20120615d1976 |||y0rusy50 ca
101 0# - ЯЗЫК РЕСУРСА
Язык текста, звукозаписи и т.д. русский
102 ## - СТРАНА ПУБЛИКАЦИИ ИЛИ ПРОИЗВОДСТВА
Страна публикации Российская Федерация
105 ## - ПОЛЕ КОДИРОВАННЫХ ДАННЫХ: ТЕКСТОВЫЕ МАТЕРИАЛЫ, МОНОГРАФИЧЕСКИЕ
Кодированные данные о монографическом текстовом документе ab z |||||
200 1# - ЗАГЛАВИЕ И СВЕДЕНИЯ ОБ ОТВЕТСТВЕННОСТИ
Основное заглавие Природные ресурсы Русской равнины в прошлом, настоящем и будущем
Первые сведения об ответственности [С.В. Зонн, К.С. Ходашева, Р.И. Злотин и др.
Последующие сведения об ответственности Отв. ред. С.В. Зонн, А.Г. Чикишев]
-- АН СССР, Ин-т географии
210 ## - ПУБЛИКАЦИЯ, РАСПРОСТРАНЕНИЕ И ДР.
Место издания, распространения и т.д. Москва
Имя издателя, распространителя и т. д. Наука
Дата издания, распространения и т.д. 1976
215 ## - ФИЗИЧЕСКАЯ ХАРАКТЕРИСТИКА
Специфическое обозначение материала и объем 379 с.
Другие сведения о физической характеристике ил., карт.
Размеры 26
225 1# - СЕРИЯ
Основное заглавие серии Проблемы конструктивной географии
300 ## - ОБЩИЕ ПРИМЕЧАНИЯ
Текст примечания Ред. коллегия сер.: И.П. Герасимов (пред.) и др.
320 ## - ПРИМЕЧАНИЯ О НАЛИЧИИ В ДОКУМЕНТЕ БИБЛИОГРАФИИ / УКАЗАТЕЛЯ
Текст примечания Список лит.: с. 364-377
606 ## - НАИМЕНОВАНИЕ ТЕМЫ КАК ПРЕДМЕТ
Наименование темы Природные ресурсы
Географический подзаголовок Русская равнина
Код системы psbo
701 #1 - ИМЯ ЛИЦА - АЛЬТЕРНАТИВНАЯ ОТВЕТСТВЕННОСТЬ
Начальный элемент ввода Ходашева
Часть имени, кроме начального элемента ввода К.С.
701 #1 - ИМЯ ЛИЦА - АЛЬТЕРНАТИВНАЯ ОТВЕТСТВЕННОСТЬ
Графика поля Кириллица
Материалы, к которым относится поле rus
Начальный элемент ввода Злотин
Часть имени, кроме начального элемента ввода Р.И.
Даты 1940-
Расширение инициалов личного имени Роман Исаевич
Системный номер авторитетной/нормативной записи 249161
Идентификатор авторитетной/нормативной записи RU\NLR\AUTH\770249217
701 #1 - ИМЯ ЛИЦА - АЛЬТЕРНАТИВНАЯ ОТВЕТСТВЕННОСТЬ
Начальный элемент ввода Зонн
Часть имени, кроме начального элемента ввода С.В.
Расширение инициалов личного имени Сергей Владимирович
Код отношения Редактор
702 #1 - ИМЯ ЛИЦА - ВТОРИЧНАЯ ОТВЕТСТВЕННОСТЬ
Начальный элемент ввода Чикишев
Часть имени, кроме начального элемента ввода А.Г.
Код отношения Редактор
712 02 - НАИМЕНОВАНИЕ ОРГАНИЗАЦИИ - ВТОРИЧНАЯ ОТВЕТСТВЕННОСТЬ
Начальный элемент ввода Институт географии
Идентифицирующий признак Москва
Идентификатор авторитетной/нормативной записи RU\NLR\AUTH\889953196
Системный номер авторитетной/нормативной записи 402415
801 #0 - ИСТОЧНИК ЗАПИСИ
Страна Российская Федерация
Организация NLR
Правила каталогизации psbo
801 #1 - ИСТОЧНИК ЗАПИСИ
Страна Российская Федерация
Организация ELAR
Источник данных rusmarc
852 ## - МЕСТОНАХОЖДЕНИЕ И ШИФР ХРАНЕНИЯ
Идентификатор организации NLR
Шифр хранения (Call Number) 77-7/234
942 ## - ДОПОЛНИТЕЛЬНЫЕ ЭЛЕМЕНТЫ ЗАПИСИ (АБИС)
Тип экземпляра АБИС Книга
980 ## - КОЛЛЕКЦИЯ
Название коллекции Национальная библиография
Экземпляры
Тип экземпляра Дата поступления Библиотека постоянного хранения Библиотека текущего хранения Место хранения Шифр хранения Штрих-код Статус экземпляра
Книга 26.10.2013 РНБ (Московский) РНБ (Московский) Русский книжный фонд: издания с 1957 года 77-7/234 7328499-10